Rosja czy Białoruś? - Statystyki

Ogólne statystyki
  • Ten quiz został rozwiązany 82 razy
  • Średni wynik to 11 z 15
Statystyki odpowiedzi
Zagadnienie Odpowiedź % Poprawnych
Jego symbolem narodowym jest bocian Białoruś
97%
Jest państwem śródlądowym Białoruś
94%
Było bardziej zainfekowane chmurą radioaktywną po eksplozji w Czarnobylu Białoruś
91%
Leży w nim największy las na świecie Rosja
89%
Dalej używa kary śmierci Białoruś
88%
Jest 7 największym producentem ziemniaków na świecie Białoruś
84%
Przeciętny jego obywatel wypija 40 litrów spirytusu czystego spirytusu rocznie Rosja
77%
Leży bliżej Niemiec Rosja
75%
Ma więcej niż jeden język urzędowy Białoruś
73%
Leży w nim miasto Psków Rosja
72%
Około 71% jego mieszkańców wyznaje prawosławie Rosja
69%
Jego najdłuższą rzeką jest Lena Rosja
61%
40% jego powierzchni zajmują lasy Białoruś
53%
Jego stolica jest siedzibą Wspólnoty Niepodległych Państw Białoruś
30%
Żyje w nim około 200 000 Polaków Rosja
22%
Nie znaleziono quizów pasujących do podanych kryteriów
Rozkład punktacji
Procent ludzi z każdym wynikiem
Percentyl według liczby udzielonych odpowiedzi
Twoja historia wyników
Nie rozwiązałeś tego quizu